ბათუმის შოთა რუსთაველის სახელმწიფო უნივერსიტეტის ბიბლიოთეკა

თხზულებანი: ორ წიგნად. წ. 1 (ბიბ.ჩანაწერი № 41761)

000 -LEADER
fixed length control field 01170nam a2200229Ia 4500
001 - CONTROL NUMBER
control field 8442
003 - CONTROL NUMBER IDENTIFIER
control field GE_BSU
008 - FIXED-LENGTH DATA ELEMENTS--GENERAL INFORMATION
fixed length control field 181216s||||||||xx |||||||||||||| ||und||
040 ## - CATALOGING SOURCE
Transcribing agency GE_BSU
080 ## - UNIVERSAL DECIMAL CLASSIFICATION NUMBER
Universal Decimal Classification number 821.353.1-32
100 ## - MAIN ENTRY--PERSONAL NAME
Personal name ვაჟა-ფშაველა
245 ## - TITLE STATEMENT
Title თხზულებანი: ორ წიგნად. წ. 1
245 ## - TITLE STATEMENT
Remainder of title წ. 1: მოთხრობები, დრამატული ნაწარმოებები.
245 ## - TITLE STATEMENT
Statement of responsibility, etc. სარედ. კოლეგია: ნოდარ ალანია; რევაზ ინანიშვილი და სხვ. რედ.: ალექსი ჯინჭარაული. შეადგინა, შენიშვნები და ლექსიკონი დაურთო: ნიკო კეცხოველმა.
250 ## - EDITION STATEMENT
Edition statement ქართული საყმაწვილო ლიტერატურის ბიბლიოთეკა.
260 ## - PUBLICATION, DISTRIBUTION, ETC.
Place of publication, distribution, etc. თბილისი.
260 ## - PUBLICATION, DISTRIBUTION, ETC.
Name of publisher, distributor, etc. ნაკადული.
260 ## - PUBLICATION, DISTRIBUTION, ETC.
Date of publication, distribution, etc. 1972
300 ## - PHYSICAL DESCRIPTION
Extent 345 გვ; 22 სმ.
653 ## - INDEX TERM--UNCONTROLLED
Uncontrolled term თხზულებანი
942 ## - ADDED ENTRY ELEMENTS (KOHA)
Koha item type წიგნი
ეგზემპლარები
Withdrawn status Lost status Damaged status Not for loan Date acquired Barcode Date last seen Price effective from Koha item type
        2018-12-17 30526 2018-12-17 2018-12-17 წიგნი
        2018-12-17 30527 2018-12-17 2018-12-17 წიგნი
        2018-12-17 30528 2018-12-17 2018-12-17 წიგნი